|
|
|
|
| LEADER |
00792naa a2200193 i 4500 |
| 001 |
publ20888 |
| 005 |
20210221140416.0 |
| 008 |
210221s2020 hu o 0|| zxx d |
| 020 |
|
|
|a 9786155967030
|
| 024 |
7 |
|
|a 31884205
|2 mtmt
|
| 040 |
|
|
|a SZTE Publicatio Repozitórium
|b hun
|
| 041 |
|
|
|a zxx
|
| 100 |
1 |
|
|a Csapó Benő
|
| 245 |
1 |
3 |
|a Az oktatási rendszerek evolúciója
|h [elektronikus dokumentum] :
|b az iskolán kívüli digitális tanulás tartós hatásai /
|c Csapó Benő
|
| 260 |
|
|
|a Suliszerviz Oktatási és Szakértői Iroda; Suliszerviz Pedagógiai Intézet
|b Debrecen
|c 2020
|
| 300 |
|
|
|a 8
|
| 300 |
|
|
|a 232-239
|
| 490 |
0 |
|
|a Mit hoz a jövő? Tanítás-tanulás másképp...
|
| 856 |
4 |
0 |
|u http://publicatio.bibl.u-szeged.hu/20888/1/2020_Csapo_OktatasiRendszerekEvolucioja.pdf
|z Dokumentum-elérés
|